Detalles MARC
| 000 -LIDER |
| fixed length control field |
00941nam a22002897a 4500 |
| 003 - IDENTIFICACDOR DE NÚMERO DE CONTROL |
| control field |
DO-SdBNP |
| 005 - DATE AND TIME OF LATEST TRANSACTION |
| control field |
20231005122741.0 |
| 008 - ELEMENTOS DE LONGITUD FIJA |
| fixed length control field |
171110b 2005 dr ||0| 0 spa d |
| 020 ## - ISBN |
| International Standard Book Number |
9993439223 |
| 040 ## - FUENTE DE CATALOGACIÓN |
| Agencia que crea de manera original el registro |
BPMSU |
| Idioma de catalogación |
spa |
| Agencia que realiza la transcripción |
BPMSU |
| 082 #4 - NÚMERO DE CLASIFICACIÓN DECIMAL DE DEWEY |
| Classification number |
170 |
| Item number |
S583p 2005 |
| Edition number |
22 |
| 100 1# - ASIENTO PRINCIPAL -- NOMBRE PERSONAL |
| Nombre personal |
Silié Gatón, Domingo |
| Fechas asociadas con el nombre |
1923- |
| 245 10 - MENCIÓN DE TITULO |
| Título |
Proyecciones morales y cívicas / |
| Mención de responsabilidad |
Domingo Silié Gatón ; prólogo José Rijo. |
| 250 ## - MENCIÓN DE EDICION |
| Mención de edición |
2a ed. |
| 260 ## - PUBLICACIÓN, DISTRIBUCIÓN, ETC. (PIE DE IMPRENTA) |
| Lugar de publicación, distribución, etc |
Santo Domingo : |
| Nombre del editor, distribuidor, etc. |
Ediciones Librería la Trinitaria ; |
| Fecha de publicación, distribución, etc |
2005. |
| 300 ## - DESCRIPCIÓN FÍSICA |
| Extensión |
116 p. ; |
| Dimensiones |
22 cm. |
| 500 ## - NOTA GENERAL |
| Nota general |
Incluye datos biográficos del autor en la contracubierta |
| 590 ## - NOTA LOCAL |
| Texto de la nota local |
Inventariado, 2023/VM |
| 650 #4 - ENCABEZAMIENTO DE MATERIA--TEMÁTICO |
| Término temático o nombre geográfico como elemento de entrada |
Ética |
| 650 #4 - ENCABEZAMIENTO DE MATERIA--TEMÁTICO |
| Término temático o nombre geográfico como elemento de entrada |
Valores (Filosofía) |
| 700 1# - ASIENTO SECUNDARIO -- NOMBRE PERSONAL |
| Nombre personal |
Rijo, José, |
| Mención de responsabilidad |
pról. |
| 852 ## - LOCALIZACIÓN |
| Número de copia |
1 |
| 856 ## - UBICACIÓN ELECTRÓNICA Y ACCESO |
| Materiales especificados |
Archivo Digital Biblioteca Nacional |
| 856 ## - UBICACIÓN ELECTRÓNICA Y ACCESO |
| Identificador Uniforme del Recurso (“URI”) |
biblio.bnphu.gob.do/Archivos_Digitales/PDF |
| 910 ## - VALIDACIÓN |
| Validación |
BTAVAREZ/VMateo V. Control de calidad BPMSU |
| 942 ## - ADDED ENTRY ELEMENTS (KOHA) |
| Source of classification or shelving scheme |
Dewey Decimal Classification |
| Koha item type |
Libros |